000 00552nam a2200193 4500
005 20260305151154.0
008 260305b |||||||| |||| 00| 0 eng d
020 _a978-81-88939-64-0
040 _aNational Science Library
_cNational Science Library
080 _a811.43'27 DOR
100 _aDoriyal, K. S.
_913292
245 _aप्रशासनिक हिंदी
246 _aPrashasnik hindi
260 _aDelhi:
_bBimla Books,
_c2025
300 _a184p.
365 _b675.00
_cINR
650 _aHindi literature
942 _2udc
_cHBK
999 _c67854
_d67854